000 00666nam a2200301Ia 4500
005 20260127112950.0
008 008 260114s9999 xx 000 0 eng d
020 _a19808096
037 _aTextbook
040 _aPSDL
040 _beng
040 _cPSDL
041 _2eng
041 _aeng
084 _aW6 Q2
084 _qPSDL
100 _aBeteille, Andre
_91108537
245 0 _aDemocracy and It's Institutions
245 0 _cBeteille, Andre
260 _aIndia
260 _bOxford University Press
260 _c2012
300 _a214p.
942 _cTB
942 _hW6 Q2
999 _c1673795
_d1673795